000 00307nam a22001457a 4500
003 SGT
020 _a9780849374838
082 _a620
_bCAR
100 _aCARPER KENNETH
245 _aFORENSIC ENGINEERING
260 _bCRC.PRESS
_c1998
300 _a360
650 _aPHYSICAL SCIENCE
942 _2ddc
_cBK
999 _c15791
_d15791